00470 2200193 4500001002100000005001500021008004100036020002200077035001900099041000700118082000800125090001400133100002200147245002400169250001600193260001800209300003400227650001500261INLIS00000000000192820241224112436241224||||||||| | ||| |||| || |  a978-979-665-555-1 0010-1224001928 aid0 a507 a507 PRE r0 aHans Jurgen Press00aRahasia Sehari-Hari aEd. Pertama bAngkasac1984 avi, 106 hlm. : ilus, ; 24 cm. 0aIlmu Murni